El reglamento -UE- 650-2012: su impacto en las sucesiones transfronterizas
Saved in:
| Main Authors: | , |
|---|---|
| Format: | Bog |
| Sprog: | spansk |
| Udgivet: |
Madrid
Marcial Pons
2016
|
| Udgivelse: | 1a. ed |
| Fag: | |
| Tags: |
Tilføj Tag
Ingen Tags, Vær først til at tagge denne postø!
|
MARC
| LEADER | 00000cam a2200000 a 4500 | ||
|---|---|---|---|
| 001 | UCC9539 | ||
| 003 | CL-VaPUC | ||
| 008 | 191004e20160000sp |||||||||||||||||spa|d | ||
| 020 | |a 9788491230830 | ||
| 082 | 0 | 4 | |a 346.052 |b GIN |2 21 |
| 100 | 0 | |a Ginebra Molins, M. Esperanca |e author |9 604676 | |
| 700 | 0 | |a Tarabal Bosch, Jaume |e author |9 604677 | |
| 245 | 1 | 3 | |a El reglamento -UE- 650-2012: su impacto en las sucesiones transfronterizas |
| 250 | |a 1a. ed | ||
| 300 | |a 479 p | ||
| 942 | |c BK | ||
| 945 | |d 20191004 13:59:00 |a dcastane | ||
| 260 | |a Madrid |b Marcial Pons |c 2016 | ||
| 650 | 0 | |a Derecho sucesorio |9 255015 | |
| 650 | 0 | |a Derecho de familia |9 255603 | |
| 650 | 0 | |a Posesión efectiva |9 486223 | |
| 583 | |a last modification |c 20191004 13:59:00 |k Rodrigo Vera | ||
| 999 | |c 375719 |d 375717 | ||
| 952 | |0 0 |1 0 |3 erb |4 0 |6 346_052000000000000_GIN_2016 |7 0 |8 WP_COW |9 561521 |a BIBDER |b BIBDER |e Fundación W and P Cowley |i 5602408 |o 346.052 GIN 2016 |p 5602408 |r 2023-01-25 |w 2020-03-12 |y BK |z Catalogado en:20191004 |k WPC | ||